Středoevropská dohoda o volném obchodu Liberalizace postupuje

Niektoré zmeny, zakotvené v dodatkových protokoloch ku Stredoeurópskej dohode o voľnom obchode (CEFTA), ktoré sú platné od 1.7.1994. Priemyslové výrobky. Obchod ČR s Poľskom. Položky, ktoré zaradila Maďarská republika a ČR na listinu colných koncesií. Princípy, na ktorých sa strany Dohody zhodli pri...

Descrizione completa

Salvato in:
Dettagli Bibliografici
Autore principale: Vávra, M.
Natura: Capitolo di libro
Lingua:ceco
Soggetti:
Tags: Aggiungi Tag
Nessun Tag, puoi essere il primo ad aggiungerne!!

MARC

LEADER 00000naa a2200000 4500
001 r015449
005 20221205090640.3
041 0 |a cze 
044 |a CZ 
245 1 0 |a Středoevropská dohoda o volném obchodu  |b Liberalizace postupuje  |c M. Vávra 
520 |a Niektoré zmeny, zakotvené v dodatkových protokoloch ku Stredoeurópskej dohode o voľnom obchode (CEFTA), ktoré sú platné od 1.7.1994. Priemyslové výrobky. Obchod ČR s Poľskom. Položky, ktoré zaradila Maďarská republika a ČR na listinu colných koncesií. Princípy, na ktorých sa strany Dohody zhodli pri rokovaniach o ďalšej liberalizácii obchodu s poľnohospodárskymi a potravinárskymi výrobkami. Zoznamy výrobkov u ktorých budú zrušené dovozné clá ku dňu 1.7.1994 - (s.18-19). 
610 2 0 |a CEFTA 
610 2 0 |a Česko 
610 2 0 |a Maďarsko 
610 2 0 |a Poľsko 
610 2 0 |a liberalizácia 
610 2 0 |a obchod voľný 
610 2 0 |a 1994 
610 2 0 |a výrobky priemyselné 
610 2 0 |a výrobky poľnohospodárske 
610 2 0 |a clá dovozné 
100 1 |a Vávra, M.